000 00981nam a2200265 a 4500
005 20200104041517.0
008 131118b19881995sz |||||r|||| 00| 0 spa d
020 _a8478112529
040 _aCO-BoIAVH
_cCO-BoIAVH
041 0 _aspa
044 _asz
082 0 4 _a333.9522
_bC58c1
100 1 _aWijnstekers, Willem
_eautor
245 1 3 _aLa evolución de la CITES :
_bguía de la Convención sobre el Comercio Internacional de Especies Amenazadas de Fauna y Flora Silvestres /
_c Willem, Wijnstekers
250 _aCuarta edición
260 _aGinebra :
_bSecretaría de la CITES
_c1988-1995
300 _a516 páginas ;
_c24 x 16 centímetros
500 _aautografiado
610 2 _aCITES
_vGuías, manuales, etc.
650 1 6 _aConservación de la vida silvestre
650 2 6 _aProtección de animales de caza
650 2 6 _aAnimales raros
650 2 6 _aEspecies en peligro de extinción
_xComercio internacional
942 _cLIBRO
_2ddc
999 _c1045
_d1045